[Event "Hamilton Williams Memorial"]
[Site "Hamilton"]
[Date "2018.11.06"]
[Round "3"]
[White "Robiso, Patricio"]
[Black "Lodge, Adrian"]
[Result "0-1"]
[WhiteElo "1691"]
[BlackElo "1444"]
[PlyCount "63"]
[EventDate "2018.10.23"]
[EventType "swiss"]
[EventRounds "6"]
[EventCountry "BER"]
[SourceTitle "EXT 2024"]
[Source "ChessBase"]
[SourceDate "2023.10.10"]
[SourceVersion "1"]
[SourceVersionDate "2023.10.10"]
[SourceQuality "1"]

1. e4 e5 2. Bc4 Nc6 3. Nf3 Bc5 4. c3 Nf6 5. d4 Bb6 6. Bg5 d6 7. b4 h6 8. Bh4 g5 9. Bg3 Nxe4 10. 0-0 Bg4 11. Bd5 f5 12. h3 Bxf3 13. Bxc6+ bxc6 14. Qxf3 Qf6 15. Re1 0-0-0 16. Rxe4 exd4 17. cxd4 Bxd4 18. Rxd4 Qxd4 19. Nc3 f4 20. Rd1 Qxb4 21. Qxc6 fxg3 22. Ne4 Rhe8 23. Nxg3 Re1+ 24. Rxe1 Qxe1+ 25. Nf1 Re8 26. Qa8+ Kd7 27. Qxa7 Re4 28. g3 Rb4 29. Kg2 Qe4+ 30. Kg1 Rb1 31. Qa6 h5 32. Qb5+ 0-1